[Event "Val Thorens op"]
[Site "Val Thorens"]
[Date "1994.??.??"]
[Round "6"]
[White "Ungureanu, Emil"]
[Black "Nurd, A."]
[Result "1-0"]
[WhiteElo "2320"]
[BlackElo "1910"]
[PlyCount "64"]
[EventDate "1994.??.??"]
[EventType "swiss"]
[EventRounds "9"]
[EventCountry "FRA"]
[SourceTitle "EXT 1999"]
[Source "ChessBase"]
[SourceDate "1998.11.16"]
[SourceVersion "1"]
[SourceVersionDate "1998.11.16"]
[SourceQuality "1"]

1. d4 f5 2. g3 Nf6 3. Bg2 g6 4. c3 Bg7 5. Qb3 c6 6. Nf3 e6 7. Bf4 d5 8. Ne5 Nbd7 9. Nd3 0-0 10. Nd2 Qe7 11. 0-0 Ne4 12. f3 Nxd2 13. Bxd2 Nb6 14. Rae1 Nc4 15. Bc1 Qd8 16. e4 b6 17. Qd1 a5 18. Rf2 Ra7 19. Rfe2 a4 20. Nb4 Bd7 21. exf5 exf5 22. Re7 Qc8 23. Bf1 Nd6 24. Bd3 Nf7 25. Bc2 Bf6 26. R7e2 Qa8 27. a3 Rd8 28. Nd3 Rf8 29. Bf4 c5 30. dxc5 d4 31. Bg5 Be5 32. c4 Qxf3 1-0